<?xml version="1.0" encoding="UTF-8"?><marc:collection xmlns:marc="http://www.loc.gov/MARC21/slim">
  <marc:record>
    <marc:leader>00000nam##2200000za#4500</marc:leader>
    <marc:controlfield tag="001">9.633128</marc:controlfield>
    <marc:controlfield tag="003">CaOODSP</marc:controlfield>
    <marc:controlfield tag="005">20210624215157</marc:controlfield>
    <marc:controlfield tag="007">cr |||||||||||</marc:controlfield>
    <marc:controlfield tag="008">150407|1994||||xxc|||||o    f|0| 0 fre|d</marc:controlfield>
    <marc:datafield tag="040" ind1=" " ind2=" ">
      <marc:subfield code="a">CaOODSP</marc:subfield>
      <marc:subfield code="b">fre</marc:subfield>
    </marc:datafield>
    <marc:datafield tag="043" ind1=" " ind2=" ">
      <marc:subfield code="a">n-cn---</marc:subfield>
    </marc:datafield>
    <marc:datafield tag="086" ind1="1" ind2=" ">
      <marc:subfield code="a">H72-21/110-1994F-PDF</marc:subfield>
    </marc:datafield>
    <marc:datafield tag="110" ind1="1" ind2=" ">
      <marc:subfield code="a">Canada. </marc:subfield>
      <marc:subfield code="b">Santé Canada.</marc:subfield>
    </marc:datafield>
    <marc:datafield tag="245" ind1="1" ind2="0">
      <marc:subfield code="a">Comme un oiseau sans ailes : </marc:subfield>
      <marc:subfield code="h">[ressource électronique]</marc:subfield>
      <marc:subfield code="b">éloge au courage et à l'endurance des femmes maltraitées qui ne parlent ni l'anglais ni le français / </marc:subfield>
      <marc:subfield code="c">préparé par Linda MacLeod et Maria Y. Shin, en collaboration avec Queenie Hum ... [et al.]. </marc:subfield>
    </marc:datafield>
    <marc:datafield tag="260" ind1=" " ind2=" ">
      <marc:subfield code="a">Ottawa - Ontario : </marc:subfield>
      <marc:subfield code="b">Santé Canada </marc:subfield>
      <marc:subfield code="c">1994.</marc:subfield>
    </marc:datafield>
    <marc:datafield tag="300" ind1=" " ind2=" ">
      <marc:subfield code="a">50p.</marc:subfield>
      <marc:subfield code="b">références</marc:subfield>
    </marc:datafield>
    <marc:datafield tag="500" ind1=" " ind2=" ">
      <marc:subfield code="a">Sommaire: Résumé.--Introduction.--Pourquoi avait-on besoin de ce rapport?--Qu'indiquent les statistiques nationales à propos des femmes qui sont isolées par la langue et l'exploitation?--Trouver les femmes qui sont la cible de cette recherche.--Méthodologie.--Qui sont les femmes interviewées pour cette étude?--Les réalités de la vie sans l'anglais ni le français.--Les expériences des femmes avec les cours de langue.--La présence de l'anglais ou du français dans leur vie quotidienne.--Les réalités de vivre avec l'exploitation dans l'isolement.--Les réalités de la vie avec le changement et la perte.--Survivre malgré le silence et les souffrances.--Le rôle de la spiritualité pour édifier la force intérieure.--Le rôle de l'éducation et de l'information.--Le rôle d'autres services et programmes.--Idées d'amélioration.--Conclusion.--Bibliographie. «Le présent rapport a été subventionné par le ministère du Patrimoine canadien (Multiculturalisme) sous l'initiative de lutte contre la violence familiale. Santé Canada (le Centre national d'information sur la violence dans la famille) a obtenu l'autorisation de l'imprimer et d'en faire la distribution.»--Verso de la page de titre.</marc:subfield>
    </marc:datafield>
    <marc:datafield tag="500" ind1=" " ind2=" ">
      <marc:subfield code="a">Décembre 1993. «Le n° de catalogue et ISBN de l'édition imprimée 1994 à été imprimé dans cette édition électronique.</marc:subfield>
    </marc:datafield>
    <marc:datafield tag="520" ind1="3" ind2=" ">
      <marc:subfield code="a">Le présent rapport a été subventionné par le ministère du Patrimoine canadien (Multiculturalisme) sous l'initiative de lutte contre la violence familiale. Santé Canada (le Centre national d'information sur la violence dans la famille) a obtenu l'autorisation de l'imprimer et d'en faire la distribution.--Verso de la page de titre</marc:subfield>
    </marc:datafield>
    <marc:datafield tag="590" ind1=" " ind2=" ">
      <marc:subfield code="a">06-10-Supp</marc:subfield>
      <marc:subfield code="b">2006-12-15</marc:subfield>
    </marc:datafield>
    <marc:datafield tag="691" ind1="0" ind2="7">
      <marc:subfield code="a">Entrevue</marc:subfield>
      <marc:subfield code="2">gcpds</marc:subfield>
    </marc:datafield>
    <marc:datafield tag="691" ind1="0" ind2="7">
      <marc:subfield code="a">Minorité linguistique</marc:subfield>
      <marc:subfield code="2">gcpds</marc:subfield>
    </marc:datafield>
    <marc:datafield tag="691" ind1="0" ind2="7">
      <marc:subfield code="a">Violence faite aux femmes</marc:subfield>
      <marc:subfield code="2">gcpds</marc:subfield>
    </marc:datafield>
    <marc:datafield tag="720" ind1="1" ind2=" ">
      <marc:subfield code="a">MacLeod, Linda</marc:subfield>
    </marc:datafield>
    <marc:datafield tag="720" ind1="1" ind2=" ">
      <marc:subfield code="a">Shin, Maria</marc:subfield>
    </marc:datafield>
    <marc:datafield tag="775" ind1="0" ind2="8">
      <marc:subfield code="t">Like a wingless bird : </marc:subfield>
      <marc:subfield code="w">(CaOODSP)9.688712</marc:subfield>
    </marc:datafield>
    <marc:datafield tag="776" ind1="0" ind2="#">
      <marc:subfield code="t">Comme un oiseau sans ailes : </marc:subfield>
      <marc:subfield code="w">(CaOODSP)9.679226</marc:subfield>
    </marc:datafield>
    <marc:datafield tag="856" ind1="4" ind2="0">
      <marc:subfield code="a">http://publications.gc.ca</marc:subfield>
      <marc:subfield code="q">PDF</marc:subfield>
      <marc:subfield code="s">538 Ko</marc:subfield>
      <marc:subfield code="u">https://publications.gc.ca/collections/Collection/H72-21-110-1994F.pdf </marc:subfield>
    </marc:datafield>
  </marc:record>
</marc:collection>
